Kladečské a obkladačské práce prozatímní jednotné výkonové normy 1962

Bibliographic Details
Format: Book
Language:Czech
Published: V Praze Ústav normování ve stavebnictví 1962
Series:Sborník výkonových norem
Subjects:

MARC

LEADER 00000nam a2200000 4500
001 vtls011988564
003 SK-MaSNL
005 20260301190435.0
008 250311s1962 xr l gr 000 0 cze
015 |a SNBA1962 
020 |q (brožované) 
035 |a urn:nbn:sk:snk-am00enlp 
035 |a urn:nbn:sk:snk-am3ikud 
035 |a 3A59C1D9-A8A1-4EEF-92EE-670CED898A0C 
040 |a SNK  |b slo  |c SNK  |e rda 
041 0 |a cze 
044 |a xr  |c CZ  |a xo  |c SK 
072 7 |a 692  |x Konštrukčné prvky a časti stavieb  |2 konspekt 
080 |a 692.232.42  |2 2011 
080 |a 006  |2 2011 
080 |a 693.74  |2 2011 
080 |a (083)  |2 2011 
245 0 0 |a Kladečské a obkladačské práce  |b prozatímní jednotné výkonové normy 1962 
264 1 |a V Praze  |b Ústav normování ve stavebnictví  |c 1962 
264 3 |a Trenčín  |b Západoslovenské tlačiarne 43 
300 |a 55 strán  |b tabuľky  |c 21 x 30 cm 
336 |a text  |b txt  |2 rdacontent 
337 |a bez média  |b n  |2 rdamedia 
338 |a zväzok  |b nc  |2 rdacarrier 
366 |e 1700 kusov 
490 1 |a Sborník výkonových norem  |v M 15 
500 |a Vydalo Ministerstvo výstavby 
521 |a Pro úřední potřebu 
650 0 7 |a obkladačky  |2 SNKPH  |9 74825 
650 0 7 |a Facing tiles  |2 SNKPHeng  |9 565718 
650 0 7 |a normy a štandardy  |2 SNKPH  |9 74702 
650 0 7 |a Standards  |2 SNKPHeng  |9 265481 
650 0 7 |a obkladačské práce  |2 SNKPH  |9 85285 
650 0 7 |a Tile laying  |2 SNKPHeng  |9 199275 
655 7 |a normy  |2 SNKPH  |9 70643 
655 7 |a Standards  |2 SNKPHeng  |9 287969 
710 1 |a Československo.  |b Ministerstvo výstavby  |4 pbl  |9 388230 
752 |a Česko  |d Praha 
830 0 |a Sborník výkonových norem  |9 388231 
852 |a Slovenská národná knižnica 
958 |a OND 
999 |c 867521  |d 869451 
952 |a SNK  |b SNK  |y VYP  |7 0  |p 17A1345091  |o snkSC 16634 D1  |i snkKSP 2824/62  |0 0  |1 0  |4 0  |d 2020-09-22  |l 0  |r 2026-02-24 05:31:52  |w 2026-02-24 
952 |a SNK  |b SNK  |y PREZ  |7 0  |p 17A0841605  |o snkSC 16634  |i snkKSP 2823/62  |0 0  |1 0  |4 0  |d 2020-08-21  |f 1  |l 0  |r 2025-07-18 00:00:00  |w 2026-02-24